Statistics for 2018 FIFA World Cup Football Players - Picture Quiz

Click here to take the quiz!

General Stats

  • This quiz has been taken 360 times
  • The average score is 19 of 24

Answer Stats

Answer % Correct
Luka Modrić
98%
Neymar
98%
Lionel Messi
97%
Christiano Ronaldo
97%
Mohamed Salah
95%
Paul Pogba
92%
Marcelo
90%
Luis Suarez
89%
Romelu Lukaku
89%
Eden Hazard
88%
Sergio Ramos
88%
Antoine Griezmann
88%
Harry Kane
87%
Manuel Neuer
87%
Kevin de Bruyne
85%
James Rodriguez
80%
Toni Kroos
80%
David Silva
76%
Sadio Mane
68%
Keisuke Honda
65%
Nemanja Matić
58%
Victor Moses
51%
Igor Akinfeev
41%
Medhi Benatia
34%

Score Distribution

Percentile by Number Answered

Percent of People with Each Score

Your Score History

You have not taken this quiz